000 00641nam a2200217Ia 4500
005 20260629163254.0
008 260629s9999||||xx |||||||||||||| ||und||
020 _a9781138248656
_qpbk
082 _a304.2
_bAND
100 _aAnderson, Jon [ed.]
245 0 _aWater worlds : human geographies of the ocean
260 _aNew York
_bRoutledge an imprint of Taylor and Francis Group
_c2016
300 _axvii, 196p. ; 23cm.
653 _aCoastal ecology
653 _aHuman geography
653 _aMarine resources
653 _aOcean
653 _aOceanography—Social aspects
700 _aPeters, Kimberley [ed.]
942 _cBK
999 _c57302
_d57302